О сложностях перевода песен с английского языка; Коммуникативные аспекты языка и культуры; Ч. 3

Bibliografiske detaljer
Parent link:Коммуникативные аспекты языка и культуры: сборник материалов XIII Международной научно-практической конференции студентов и молодых ученых, г. Томск, 28-30 мая 2013 г./ Национальный исследовательский Томский политехнический университет (ТПУ), Институт международного образования и языковой коммуникации (ИМОЯК) ; под ред. С. А. Песоцкой.— , 2013
Ч. 3.— 2013.— [С. 124-126]
Hovedforfatter: Мартынов Ю. М.
Institution som forfatter: Национальный исследовательский Томский политехнический университет (ТПУ) Институт неразрушающего контроля (ИНК) Кафедра иностранных языков Института неразрушающего контроля (ИЯНК)
Andre forfattere: Ветрова Е. В. (научный руководитель), Куимова М. В. Марина Валерьевна
Summary:Заглавие с титульного экрана
Sprog:russisk
Udgivet: 2013
Serier:Переводческая деятельность студентов нелингвистических специальностей
Fag:
Online adgang:http://www.lib.tpu.ru/fulltext/c/2013/C77/V3/050.pdf
Format: MixedMaterials Electronisk Book Chapter
KOHA link:https://koha.lib.tpu.ru/cgi-bin/koha/opac-detail.pl?biblionumber=608473

MARC

LEADER 00000naa2a2200000 4500
001 608473
005 20260323132049.0
035 |a (RuTPU)RU\TPU\conf\5904 
035 |a RU\TPU\conf\5894 
090 |a 608473 
100 |a 20141001d2013 k y0rusy50 ca 
101 0 |a rus 
102 |a RU 
135 |a drcn ---uucaa 
181 0 |a i  
182 0 |a b 
200 1 |a О сложностях перевода песен с английского языка  |f Ю. М. Мартынов, Е. В. Ветрова  |g науч. рук. М. В. Куимова 
203 |a Текст  |c электронный 
225 1 |a Переводческая деятельность студентов нелингвистических специальностей 
300 |a Заглавие с титульного экрана 
320 |a [Библиогр.: с. 126 (3 назв.)] 
337 |a Adobe Reader 
461 1 |0 (RuTPU)RU\TPU\conf\4568  |t Коммуникативные аспекты языка и культуры  |o сборник материалов XIII Международной научно-практической конференции студентов и молодых ученых, г. Томск, 28-30 мая 2013 г.  |o в 3 ч.  |f Национальный исследовательский Томский политехнический университет (ТПУ), Институт международного образования и языковой коммуникации (ИМОЯК) ; под ред. С. А. Песоцкой  |d 2013 
463 0 |0 (RuTPU)RU\TPU\conf\4573  |t Ч. 3  |v [С. 124-126]  |d 2013 
610 1 |a труды учёных ТПУ 
610 1 |a электронный ресурс 
610 1 |a английский язык 
610 1 |a переводы 
610 1 |a песни 
610 1 |a музыка 
610 1 |a сленг 
700 1 |a Мартынов  |b Ю. М. 
701 1 |a Ветрова  |b Е. В. 
702 1 |a Куимова  |b М. В.  |c кандидат педагогических наук   |c заведующий кафедрой европейских языков, доцент  |c кафедра английского языка и технической коммуникации  |g Марина Валерьевна  |4 727 
712 0 2 |a Национальный исследовательский Томский политехнический университет (ТПУ)  |b Институт неразрушающего контроля (ИНК)  |b Кафедра иностранных языков Института неразрушающего контроля (ИЯНК)  |3 (RuTPU)RU\TPU\col\18721 
801 2 |a RU  |b 63413507  |c 20141001  |g RCR 
856 4 |u http://www.lib.tpu.ru/fulltext/c/2013/C77/V3/050.pdf 
942 |c BK